| 000 | 00628cam a22002411 4500 | ||
|---|---|---|---|
| 001 | af 48004225 | ||
| 003 | DLC | ||
| 005 | 20260227110907.0 | ||
| 008 | 771111s1943 gw 000 0 ger | ||
| 010 | _aaf 48004225 | ||
| 035 | _a(OCoLC)3411549 | ||
| 040 |
_aDLC _cGStG _dDLC |
||
| 042 | _apremarc | ||
| 050 | 0 | 0 |
_aQA244 _b.H28 |
| 082 | _a512.81 | ||
| 100 | 1 |
_aHaussner, Robert, _d1863-1948. |
|
| 245 | 1 | 4 | _aDas letzte Fermat-Theorem. |
| 260 |
_aBerlin, _bW. de Gruyter, _c1943. |
||
| 300 |
_a17 p. _c24 cm. |
||
| 500 | _a"Nachtrag": leaf inserted. | ||
| 504 | _aBibliographical footnotes. | ||
| 650 | 0 | _aFermat's theorem. | |
| 999 |
_c5956 _d5956 |
||